[Event "CZE-ch Betsys Online Blitz"]
[Site "Chess.com INT"]
[Date "2021.04.17"]
[Round "7"]
[White "Malikova, Katerina"]
[Black "Krouzel, Jaroslav"]
[Result "0-1"]
[WhiteElo "1889"]
[BlackElo "2139"]
[PlyCount "56"]
[EventDate "2021.04.17"]
[EventType "swiss (blitz)"]
[EventRounds "13"]
[EventCountry "CZE"]
[SourceTitle "CBM 201 Extra"]
[Source "ChessBase"]
[SourceDate "2021.05.31"]
[SourceVersion "1"]
[SourceVersionDate "2021.05.31"]
[SourceQuality "1"]

1. e4 e6 2. Nf3 d5 3. exd5 exd5 4. d4 Bd6 5. Bd3 Ne7 6. 0-0 Bg4 7. h3 Bh5 8. c3 Nbc6 9. Re1 Qd7 10. Bg5 f6 11. Bh4 0-0 12. Bg3 Bxg3 13. fxg3 Qd6 14. g4 Bg6 15. Qc2 Rae8 16. Nbd2 f5 17. g5 Qf4 18. Rf1 Qg3 19. Rae1 f4 20. Ne5 Nxe5 21. Rxe5 Bxd3 22. Qd1 Bxf1 23. Nxf1 Qh4 24. Qf3 c6 25. Nh2 Ng6 26. Rxe8 Rxe8 27. Ng4 Re1+ 28. Kh2 Qg3+ 0-1

[Event "CZE-ch Betsys Online Blitz"]
[Site "Chess.com INT"]
[Date "2021.04.17"]
[Round "12"]
[White "Malikova, Katerina"]
[Black "Mikulu, Lukas"]
[Result "0-1"]
[WhiteElo "1889"]
[BlackElo "2008"]
[PlyCount "100"]
[EventDate "2021.04.17"]
[EventType "swiss (blitz)"]
[EventRounds "13"]
[EventCountry "CZE"]
[SourceTitle "CBM 201 Extra"]
[Source "ChessBase"]
[SourceDate "2021.05.31"]
[SourceVersion "1"]
[SourceVersionDate "2021.05.31"]
[SourceQuality "1"]

1. e4 e5 2. Nf3 Nf6 3. Nc3 Nc6 4. Bc4 Bc5 5. 0-0 d6 6. h3 Bb6 7. d3 Be6 8. Bb3 Qd7 9. Kh2 h6 10. Nd5 0-0-0 11. Nxb6+ axb6 12. Bxe6 fxe6 13. a4 g5 14. Ng1 Qg7 15. a5 Nxa5 16. b4 Nc6 17. c3 h5 18. f3 g4 19. fxg4 hxg4 20. Qe1 Nh5 21. Ne2 gxh3 22. gxh3 Kb8 23. Be3 Rdg8 24. Rg1 Qf7 25. Qf2 Qxf2+ 26. Bxf2 Nf4 27. Nxf4 exf4 28. Raf1 Ne5 29. Rxg8+ Rxg8 30. d4 Nf3+ 31. Kh1 Nd2 32. Rg1 Rxg1+ 33. Kxg1 Nxe4 34. Be1 Kc8 35. Kg2 e5 36. h4 Nf6 37. Kf3 Kd7 38. dxe5 dxe5 39. c4 Ke6 40. Bd2 Kf5 41. Bc3 e4+ 42. Kf2 Nh5 43. c5 bxc5 44. bxc5 Kg4 45. Be5 e3+ 46. Ke2 Kf5 47. Bxc7 Ke4 48. Bd8 f3+ 49. Ke1 f2+ 50. Ke2 Ng3+ 0-1

[Event "CZE/SVK-chT (Women)"]
[Site "Frydek Mistek"]
[Date "2009.05.14"]
[Round "2"]
[White "Malikova, Katerina"]
[Black "Miturova, Magdalena"]
[Result "1-0"]
[WhiteElo "1923"]
[BlackElo "1983"]
[PlyCount "121"]
[EventDate "2009.05.14"]
[EventType "team-tourn"]
[EventRounds "7"]
[EventCountry "CZE"]
[SourceTitle "CBM 130 Extra"]
[Source "ChessBase"]
[SourceDate "2009.07.02"]
[SourceVersion "2"]
[SourceVersionDate "2009.07.15"]
[SourceQuality "1"]
[WhiteTeam "Jicin (W)"]
[BlackTeam "Frydek Mistek (W)"]
[WhiteTeamCountry "CZE"]
[BlackTeamCountry "CZE"]

1. e4 e5 2. Nf3 Nc6 3. Bb5 a6 4. Ba4 Nf6 5. 0-0 Be7 6. Re1 b5 7. Bb3 0-0 8. h3 d6 9. c3 Na5 10. Bc2 c5 11. d4 Qc7 12. Nbd2 cxd4 13. cxd4 Nc6 14. Nb3 a5 15. Be3 a4 16. Nbd2 Bd7 17. Rc1 Qb7 18. Nf1 Rac8 19. Qe2 Rfe8 20. Ng3 Bd8 21. d5 Nb4 22. Bb1 Bb6 23. Bg5 Rxc1 24. Rxc1 Rc8 25. Rxc8+ Qxc8 26. Qd2 Na6 27. Bxf6 gxf6 28. Nh5 Kf8 29. Qh6+ Ke8 30. Nxf6+ Kd8 31. Qf8+ Kc7 32. Qxc8+ Bxc8 33. Nxh7 Kd8 34. g4 b4 35. Nd2 Bd4 36. Nc4 Ke7 37. Ng5 Bd7 38. Nf3 Ba7 39. Kg2 Bb5 40. Nfd2 Bd4 41. h4 Nc5 42. h5 b3 43. a3 Kf6 44. Kg3 Nb7 45. f4 exf4+ 46. Kxf4 Be5+ 47. Nxe5 dxe5+ 48. Ke3 Nd6 49. Bd3 Bd7 50. Be2 Bc8 51. Kf2 Kg5 52. Kg3 Kh6 53. Kh4 f6 54. Bd3 Bd7 55. Nc4 Nb7 56. Ne3 Nc5 57. Bb1 Bc8 58. Nf5+ Bxf5 59. gxf5 Kg7 60. d6 Kh6 61. Bd3 1-0